Formula One Constructors Starting With H - Statistics

General Stats
  • This quiz has been taken 24 times
  • The average score is 4 of 6
Answer Stats
Seasons Races Constructor % Correct
2016– 214 Haas
100%
1964–1968, 2006–2008 99 Honda
84%
2010-2012 56 HRT (Hispania)
74%
1974–1978 60 Hesketh
58%
1975 12 Hill
26%
1951–1955 16 HWM (Hersham and Walton Motors)
11%
No matching quizzes found
Score Distribution
Percent of People with Each Score
Percentile by Number Answered
Your Score History
You have not taken this quiz